000
00273nam a22001337a 4500
008
170201b xxu||||| |||| 00| 0 eng d
020
_a
1579477917
041
_a
eng
080
_a
61
100
_a
3
101
_a
SHM
245
_a
CTP2008
_c
BEEBE MICHAEL
942
_2
udc
_c
BK
999
_c
4173
_d
4173